| 000 | 01167nmc a2200421 a 4500 | ||
|---|---|---|---|
| 003 | AR-BaBNM | ||
| 005 | 20251128205821.0 | ||
| 008 | 218019s1996 ||||||||||||||000 | spa|| | ||
| 020 | _a950-556-346-9 | ||
| 040 | _cAR-BaBNM | ||
| 245 | 1 | 0 |
_aDe Eugene O'Neill al "happening" _bteatro norteamericano y teatro argentino : 1930-1990 |
| 250 | _a1ยช ed. | ||
| 260 |
_aBuenos Aires _bGalerna _c1996 |
||
| 300 | _a121 p. | ||
| 490 | 0 |
_aCuadernos del GETEA _vv. 6 |
|
| 600 | 1 | 4 | _aWilder, Thornton Nieven |
| 600 | 1 | 4 | _aRice, Elmer |
| 600 | 1 | 4 | _aOdets, Clifford |
| 600 | 1 | 4 | _aMiller, Arthur |
| 600 | 1 | 4 | _aStrasberg, Lee |
| 600 | 1 | 4 | _aChayefsky, Paddy |
| 600 | 1 | 4 | _aSchisgal, Murray |
| 600 | 1 | 4 | _aSimon, Neil |
| 650 | 4 | _aLITERATURA ARGENTINA | |
| 650 | 4 | _aLITERATURA ESTADOUNIDENSE | |
| 650 | 4 | _aCRITICA LITERARIA | |
| 650 | 4 | _aTEATRO | |
| 650 | 4 | _aACTORES | |
| 650 | 4 | _aARTES ESCENICAS | |
| 650 | 4 | _aPRODUCCION TEATRAL | |
| 650 | 4 | _aTEORIA LITERARIA | |
| 655 | _aLITERATURA | ||
| 700 | 1 |
_aPellettieri, Osvaldo _eeditor |
|
| 700 | 1 |
_aWoodyard, George _eeditor |
|
| 800 | 1 |
_aPellettieri, Osvaldo _edirector |
|
| 942 | _cBK | ||
| 998 | _cMARTIN | ||
| 999 |
_c12933 _d12933 |
||